000 00913nab a22002057a 4500
999 _c5444
_d5444
003 OSt
005 20251020130316.0
008 190604e xxu||||| |||| 00| 0 spa d
040 _cPJ
100 _96452
_aMastronardi, María del Carmen
245 1 0 _aBreve comentario al decreto 972/2024 de propiedad intelectual :
_brégimen jurídico de las obras inéditas /
_cMaría del Carmen Mastronardi.
260 _aCiudad Autónoma de Buenos Aires :
_bThomson Reuters La Ley,
_c2025.
300 _ap. 31-33
500 _aCita Online: TR LALEY AR/DOC/488/2025.
505 _t¿Te interesa el texto completo? Solicitalo al correo: koha@justierradelfuego.gov.ar
650 0 _93459
_aDERECHOS DE AUTOR
650 0 _93458
_aPROPIEDAD INTELECTUAL
773 0 _02714
_93171
_dCiudad Autónoma de Buenos Aires : Thomson Reuters La Ley, 2014-
_tRevista anales de legislación argentina. Nº 4 - Mayo 2025.
942 _2udc
_cANA